| 000 | 00758pam a2200229 a 4500 | ||
|---|---|---|---|
| 001 | 1965612 | ||
| 005 | 20171221033839.0 | ||
| 008 | 880727s1989 enka b 001 0 eng | ||
| 010 | _a 88025129 | ||
| 020 |
_a0631162364 : _c$65.00 (est.) |
||
| 040 |
_aDLC _cDLC _dDLC |
||
| 041 | _aeng | ||
| 080 | _a332.6 HIR | ||
| 082 | 0 | 0 |
_a332.6 HIR _219 |
| 100 | 1 | _a52 | |
| 101 | _aEKO | ||
| 245 | 1 | 0 |
_aTime, uncertainty, and information / _cJack Hirshleifer. |
| 504 | _aIncludes bibliographical references. | ||
| 906 |
_a7 _bcbc _corignew _d1 _eocip _f19 _gy-gencatlg |
||
| 942 |
_2ddc _cBK |
||
| 999 |
_c39254 _d39254 |
||